Tous les Kuriboh existants dans Yu-Gi-Oh ! - Statistiques

Statistiques générales
  • Ce quiz a été pris 14 fois
  • Le résultat moyen est 15 sur 34
Statistiques - réponses
Par images Réponse % Correct
Kuribandit
100%
Kuriboh
100%
Kuriboh Ailé
100%
Kuribah
85%
Lienkuriboh
85%
Sphère Kuriboh
85%
Kuriboh Ailé LV10
77%
Kuriboh Ailé LV9
77%
Kuribeh
69%
Kuriboh Arc-en-Ciel
69%
Kuriboh Astral
69%
Kuribon
69%
Linguriboh
69%
Kuriphoton
62%
Kuribabylon
54%
Galactikuriboh
46%
Kurivolt
46%
Kuriboh Ailé LV6
38%
Kuriboh Limpide
38%
Magikuriboh
38%
Kuribohrn
31%
Renonkuriboh
31%
Kuriboh Détonateur
23%
Ankuriboh
15%
Kuriboo
15%
Barokuriboh Potartiste
8%
Darkuriboh
8%
Junkuriboh
8%
Kuribee
8%
Kuribohble Potartiste
8%
Classikuriboh Potartiste
0%
Kuribon l'Esprit Féerique
0%
Kurikurinku @Ignister
0%
Multiplier Kuriboh
0%
Aucun quiz correspondant
Distribution des résultats
% des personnes avec chaque résultat
Percentile par nombre de réponses
Votre historique - résultats
Vous n’avez pas pris ce quiz